000 00313nam a22001337a 4500
008 181221b xxu||||| |||| 00| 0 eng d
020 _a9781412905725
041 _aeng
080 _a316
100 _a50
101 _aSOC
245 _aExplorations in Classical Sociological Theory
_cAllan, K
942 _2udc
_cBK
999 _c53582
_d53582